[Event "Commonwealth-ch"]
[Site "Glasgow"]
[Date "2014.07.06"]
[Round "7"]
[White "O'Brien, Robert J"]
[Black "Goral, Alex"]
[Result "1/2-1/2"]
[WhiteElo "1564"]
[BlackElo "1795"]
[PlyCount "43"]
[EventDate "2014.06.30"]
[EventType "swiss"]
[EventRounds "9"]
[EventCountry "SCO"]
[SourceTitle "CBM 161 Extra"]
[Source "ChessBase"]
[SourceDate "2014.08.29"]
[SourceVersion "1"]
[SourceVersionDate "2014.08.29"]
[SourceQuality "1"]

1. d4 d5 2. Bf4 e6 3. e3 f5 4. Nf3 Nf6 5. Ne5 g6 6. Nd2 Nh5 7. Bg3 Nxg3 8. hxg3 Bg7 9. Ndf3 Nd7 10. Nxd7 Bxd7 11. Be2 a6 12. c3 Qe7 13. Qb3 0-0 14. 0-0 b5 15. Rad1 c6 16. Qc2 e5 17. Nxe5 Bxe5 18. dxe5 Qxe5 19. Qd2 Be6 20. Qd4 Qc7 21. Qf4 Qe7 22. Bf3 1/2-1/2

[Event "Commonwealth-ch"]
[Site "Glasgow"]
[Date "2014.07.04"]
[Round "5"]
[White "Grove, Michael"]
[Black "Goral, Alex"]
[Result "1/2-1/2"]
[WhiteElo "2064"]
[BlackElo "1795"]
[PlyCount "46"]
[EventDate "2014.06.30"]
[EventType "swiss"]
[EventRounds "9"]
[EventCountry "SCO"]
[SourceTitle "CBM 161 Extra"]
[Source "ChessBase"]
[SourceDate "2014.08.29"]
[SourceVersion "1"]
[SourceVersionDate "2014.08.29"]
[SourceQuality "1"]

1. e4 e6 2. d4 d5 3. Nd2 c5 4. Ngf3 Nf6 5. e5 Ng8 6. c3 Nc6 7. dxc5 Bxc5 8. b4 Bb6 9. Bd3 Bc7 10. Qe2 Nge7 11. Nb3 Ng6 12. Bg5 f6 13. exf6 gxf6 14. Bd2 Kf7 15. Nfd4 Nce5 16. Bc2 Nc4 17. Bc1 e5 18. Nf5 Nd6 19. Qh5 Nxf5 20. Bxf5 Bxf5 21. Qxf5 Bd6 22. 0-0 Rc8 23. Bd2 Rc4 1/2-1/2

[Event "Oban op"]
[Site "Oban"]
[Date "2008.11.28"]
[Round "1"]
[White "Goral, Alex"]
[Black "MacQueen, Calum"]
[Result "0-1"]
[WhiteElo "1798"]
[BlackElo "2035"]
[PlyCount "98"]
[EventDate "2008.11.28"]
[EventType "swiss"]
[EventRounds "5"]
[EventCountry "SCO"]
[SourceTitle "EXT 2011"]
[Source "ChessBase"]
[SourceDate "2010.11.26"]
[SourceVersion "1"]
[SourceVersionDate "2010.11.26"]
[SourceQuality "1"]

1. e4 c5 2. f4 d5 3. exd5 Nf6 4. Nf3 Nxd5 5. d3 Nc6 6. Be2 g6 7. 0-0 Bg7 8. a3 0-0 9. c3 Qc7 10. g3 Bf5 11. c4 Nb6 12. Qb3 Nd4 13. Nxd4 Bxd4+ 14. Kg2 Qd7 15. h3 Bxh3+ 16. Kh2 Bxf1 17. Bxf1 Qg4 18. Qc2 Qh5+ 19. Kg2 Rae8 20. Nc3 e5 21. Be2 Qf5 22. Ne4 Qe6 23. fxe5 Bxe5 24. Bd2 f5 25. Ng5 Qf6 26. Bf3 Bxg3 27. Rh1 Re7 28. b4 Bd6 29. a4 h5 30. a5 Nd7 31. Bd5+ Kg7 32. Kf1 Rfe8 33. Qd1 Qd4 34. Rh3 Bf4 35. Bxf4 Qxf4+ 36. Nf3 Re1+ 37. Qxe1 Rxe1+ 38. Kxe1 cxb4 39. Kd1 b3 40. Rh4 Qe3 41. Rh2 Qxd3+ 42. Kc1 Nc5 43. Rd2 Qc3+ 44. Kb1 Ne4 45. Bxe4 fxe4 46. Rd7+ Kh6 47. Nd4 e3 48. a6 bxa6 49. c5 e2 0-1

[Event "Oban op"]
[Site "Oban"]
[Date "2007.12.01"]
[Round "2"]
[White "Goral, Alex"]
[Black "McGregor, Lindsay A"]
[Result "1-0"]
[WhiteElo "1714"]
[BlackElo "1856"]
[PlyCount "77"]
[EventDate "2007.11.30"]
[EventType "swiss"]
[EventRounds "5"]
[EventCountry "SCO"]
[SourceTitle "EXT 2023"]
[Source "ChessBase"]
[SourceDate "2022.10.05"]
[SourceVersion "1"]
[SourceVersionDate "2022.10.05"]
[SourceQuality "1"]

1. e4 e5 2. Nf3 Nc6 3. Bc4 Nf6 4. Nc3 Bc5 5. d3 d6 6. h3 Be6 7. Qe2 0-0 8. Bg5 a6 9. 0-0-0 b5 10. Bd5 b4 11. Na4 Bxd5 12. exd5 Nd4 13. Nxd4 Bxd4 14. c3 bxc3 15. bxc3 Qd7 16. Qc2 Bxf2 17. Rhf1 Bg3 18. c4 Rab8 19. Rf3 Bf4+ 20. Bxf4 exf4 21. Rxf4 Rb4 22. Nc3 c6 23. a3 Rb7 24. Qa4 cxd5 25. Qxd7 Rxd7 26. cxd5 Rc8 27. Rc4 Rdc7 28. Rxc7 Rxc7 29. Kd2 Rc5 30. Rb1 g6 31. Rb6 Rxc3 32. Rb8+ Kg7 33. Kxc3 Nxd5+ 34. Kd4 Nf4 35. Rb2 Kf6 36. Ke4 Ne6 37. Rb6 Ke7 38. Ke3 h5 39. Rxa6 1-0

[Event "Oban op"]
[Site "Oban"]
[Date "2007.11.30"]
[Round "1"]
[White "Eliens, Arno"]
[Black "Goral, Alex"]
[Result "1-0"]
[WhiteElo "2025"]
[BlackElo "1714"]
[PlyCount "117"]
[EventDate "2007.11.30"]
[EventType "swiss"]
[EventRounds "5"]
[EventCountry "SCO"]
[SourceTitle "EXT 2023"]
[Source "ChessBase"]
[SourceDate "2022.10.05"]
[SourceVersion "1"]
[SourceVersionDate "2022.10.05"]
[SourceQuality "1"]

1. e4 e5 2. Nf3 Nc6 3. Bb5 Nd4 4. Nxd4 exd4 5. c3 Qg5 6. Bf1 Bc5 7. d3 Qe7 8. g3 h5 9. h4 dxc3 10. Nxc3 Qf6 11. Qe2 Bb4 12. Bd2 d6 13. Bg2 c6 14. 0-0 Qd8 15. d4 Bxc3 16. Bxc3 g5 17. e5 d5 18. hxg5 Qxg5 19. Bd2 Qg4 20. Qxg4 hxg4 21. f4 Ne7 22. Kf2 Nf5 23. Bc3 Be6 24. Rh1 Kd7 25. b4 Raf8 26. a4 Rc8 27. Rab1 b6 28. Bb2 Rxh1 29. Rxh1 c5 30. dxc5 bxc5 31. b5 Kc7 32. Rd1 Kb6 33. Bxd5 Rd8 34. Bb3 Rh8 35. Bxe6 fxe6 36. Bc3 a6 37. bxa6 Kxa6 38. Rb1 Nxg3 39. Kxg3 Rh3+ 40. Kxg4 Rxc3 41. f5 exf5+ 42. Kxf5 Rf3+ 43. Ke6 c4 44. Rb4 c3 45. Rc4 Ka5 46. Ke7 c2 47. Rxc2 Kxa4 48. Rb2 Ka5 49. e6 Ka6 50. Ke8 Ka7 51. e7 Ka6 52. Rb4 Ka5 53. Rd4 Rh3 54. Kd8 Rb3 55. e8Q Rb8+ 56. Ke7 Rb7+ 57. Rd7 Rb6 58. Qa8+ Kb4 59. Rb7 1-0